000 00760nam a22002177a 4500
999 _c17018
_d17018
003 AR-CdUCM
008 190225b ||||| |||| 00| 0 spa d
040 _aMUNICIPALIDAD PROVINCIAL DEL CUSCO
_cBIBLIOTECA MUNICIPAL DEL CUSCO
082 _a869.508 /
_bH533 / 1976
100 _aHeraud, Javier
_92783
245 _aPoesías Completas y Cartas /
260 _aLima :
_bPeisa,
_c1976
300 _a248 paginas ;
_c16 cm.
505 _aContenido : El rió -- El viaje -- Estación reunida -- Las sobras y los días -- Poemas a la tierra -- Viajes imaginarios...
650 _aRevueltas Campesinas
_92784
650 _aFederaciones
_92785
650 _aMuertes
_92786
650 _aCalles desiertas
_92787
942 _2ddc
_cLIBROS
945 _arah
_d07/05/2019